INDIGO DESTINATIONS - Statistics

General Stats
  • This quiz has been taken 2 times
  • The average score is 78 of 144
Answer Stats
Answer % Correct
Abu Dhabi
100%
Almaty
100%
Athens
100%
Bahrain
100%
Baku
100%
Bangkok
100%
Colombo
100%
Dammam
100%
Delhi
100%
Denpasar
100%
Dhaka
100%
Doha
100%
Dubai
100%
Hanoi
100%
Ho Chi Minh City
100%
Hong Kong
100%
Hyderabad
100%
Istanbul
100%
Jakarta
100%
Jeddah
100%
Kolkata
100%
Krabi
100%
Kuala Lumpur
100%
Kuwait City
100%
London
100%
Malé
100%
Medina
100%
Mumbai
100%
Muscat
100%
Penang
100%
Phuket
100%
Riyadh
100%
Shanghai
100%
Sharjah
100%
Singapore
100%
Tashkent
100%
Agartala
50%
Agra
50%
Ahmedabad
50%
Aizawl
50%
Ajmer
50%
Amritsar
50%
Amsterdam
50%
Aurangabad
50%
Bareilly
50%
Bengaluru
50%
Bhopal
50%
Bhubaneshwar
50%
Bikaner
50%
Chandigarh
50%
Chennai
50%
Coimbatore
50%
Dehradun
50%
Deoghar
50%
Dibrugarh
50%
Dimapur
50%
Diu
50%
Durgapur
50%
Fujairah
50%
Gaya
50%
Goa
50%
Gondia
50%
Gorakhpur
50%
Guangzhou
50%
Guwahati
50%
Gwalior
50%
Hubli
50%
Imphal
50%
Indore
50%
Itanagar
50%
Jabalpur
50%
Jaipur
50%
Jaisalmer
50%
Jalandhar
50%
Jammu
50%
Jharsuguda
50%
Jodhpur
50%
Jorhat
50%
Kannur
50%
Kanpur
50%
Kathmandu
50%
Kochi
50%
Kozhikode
50%
Kurnool
50%
Langkawi
50%
Leh
50%
Lucknow
50%
Madurai
50%
Mysore
50%
Nagpur
50%
Nairobi
50%
Nashik
50%
Navi Mumbai
50%
Pantnagar
50%
Patna
50%
Pondicherry
50%
Prayagraj
50%
Pune
50%
Raipur
50%
Rajahmundry
50%
Rajkot
50%
Ranchi
50%
Ras Al Khaimah
50%
Salem
50%
Seychelles
50%
Shillong
50%
Siem Reap
50%
Silchar
50%
Siliguri
50%
Srinagar
50%
Surat
50%
Tbilisi
50%
Thiruvananthapuram
50%
Tiruchirapalli
50%
Tirupati
50%
Vadodara
50%
Varanasi
50%
Vijayawada
50%
Visakhapatnam
50%
Yangon
50%
Agatti
0%
Ayodhya
0%
Belagavi
0%
Bhavnagar
0%
Darbhanga
0%
Dharamshala
0%
Ghaziabad
0%
Jaffna
0%
Jagdalpur
0%
Jamnagar
0%
Kadapa
0%
Khajuraho
0%
Kolhapur
0%
Manchester
0%
Mangaluru
0%
Mauritus
0%
Port Blair
0%
Purnea
0%
Réunion
0%
Rewa
0%
Shirdi
0%
Shivamogga
0%
Thoothukudi
0%
Udaipur
0%
No matching quizzes found
Score Distribution
Percent of People with Each Score
Percentile by Number Answered
Your Score History
You have not taken this quiz